| 000 | 00716nam a2200253 a 4500 | ||
|---|---|---|---|
| 001 | BRCA_5241 | ||
| 005 | 20190320205011.0 | ||
| 008 | 291110s1921----gw-a######---#000-0#ger-# | ||
| 041 | _ager | ||
| 044 | _agw | ||
| 050 | 4 |
_aND588 _b.G53 1921 |
|
| 100 | 1 |
_aGlaser, Curt _913428 |
|
| 245 | 1 | 0 |
_aLukas Cranach _cvon Curt Glaser. |
| 260 |
_aLeipzig, Alemania _bInsel _c1921 |
||
| 300 |
_a239 p. _bil., 117 láminas _c26 cm. |
||
| 440 | 0 |
_aDeutsche Meister _913429 |
|
| 500 | _aIncluye índice de ilustraciones y comentarios | ||
| 500 | _aE62 | ||
| 600 | 1 | 4 |
_aCranach, Lukas _cEl viejo _d1472-1553 _913430 |
| 650 | 1 | 4 |
_aPintores alemanes _9797 |
| 650 | 1 | 4 |
_aGrabadores alemanes _97216 |
| 902 | _aGFM | ||
| 942 |
_2lcc _cB |
||
| 999 |
_c4935 _d4935 |
||